| 000 | 01073nam a2200337 4500 | ||
|---|---|---|---|
| 001 | 314 | ||
| 003 | OSt | ||
| 005 | 20250325114359.0 | ||
| 008 | 250325b |||||||j |||| 00| 1 eng d | ||
| 020 | _a8501023027 | ||
| 040 | _bpor | ||
| 041 |
_hfre _apor |
||
| 082 |
_a028.5 _bG676a |
||
| 100 | 1 |
_aGoscinny, René _d1926-1977. _9625 |
|
| 240 | _aAstérix chez les belges | ||
| 245 |
_aAsterix entre os belgas / _cGoscinny, René ; Desenhos de Uderzo, Albert ; Tradução de Eli Gomes |
||
| 260 |
_aRio de Janeiro _bRecord _c2002 |
||
| 300 |
_a48 p. _bil. |
||
| 490 | 1 |
_aAsterix _vvol. 24 |
|
| 520 | _aAbracourcix não se conforma com o fato de César achar os belgas o povo mais bravo da Gália e vai à Bélgica tirar satisfações. | ||
| 650 | 0 |
_aLiteratura francesa _9122 |
|
| 650 | 0 |
_aInfantojuvenil _9200 |
|
| 650 | 0 |
_aVikings _9626 |
|
| 650 | 0 |
_aAventura _947 |
|
| 650 | 0 |
_aHumor _960 |
|
| 655 | 0 |
_aHQs _9247 |
|
| 700 | 1 |
_aUderzo, Albert _d1927- _eDesenhos _9627 |
|
| 700 |
_aEli Gomes _eTradução _9630 |
||
| 830 |
_aAsterix _vvol. 24 _9629 |
||
| 942 |
_2ddc _n0 _cBK |
||
| 999 |
_c314 _d314 |
||